Statistics for IGN Top 100 Comic Book Villains

Click here to take the quiz!

General Stats

  • This quiz has been taken 2,649 times
    (2,313 since last reset)
  • The average score is 39 of 100

Answer Stats

Hint Answer % Correct
2Joker
98%
1Magneto
89%
4Lex Luthor
85%
13Green Goblin
84%
51Penguin
84%
22Venom
79%
8Loki
78%
11Catwoman
78%
28Doctor Octopus
77%
59Riddler
75%
34Bane
74%
64Poison Ivy
72%
12Two Face
71%
3Dr Doom
71%
47Thanos
70%
14Red Skull
68%
45Harley Quinn
67%
58Scarecrow
66%
67Mr Freeze
65%
72Sandman
63%
5Galactus
62%
18Mystique
61%
6Darkseid
60%
7Ra's al Ghul
58%
90Carnage
58%
23Ultron
57%
10Kingpin
57%
87Electro
55%
15Sinestro
53%
46Doomsday
53%
32Deathstroke
53%
24Apocalypse
50%
44Sabretooth
50%
30General Zod
48%
43Deadshot
47%
62Lizard
47%
81Mandarin
46%
57Hobgoblin
46%
19Juggernaut
44%
54Abomination
44%
17Brainiac
43%
27Captain Cold
42%
73Clayface
40%
20Bullseye
40%
42Talia al Ghul
39%
85Mysterio
38%
35Gorilla Grodd
36%
37Zoom
36%
53Kraven the Hunter
34%
69Cheetah
33%
16Black Adam
32%
9Dark Phoenix
30%
48Mephisto
29%
40Baron Zemo II
29%
39Shredder
29%
38Sentinel
29%
100MODOK
28%
29Mr Sinister
28%
31Professor Zoom
28%
52Metallo
26%
21Ozymandias
25%
55Sebastian Shaw
25%
25Bizzaro
24%
56Dormammu
24%
78Lady Deathstrike
23%
33Cyborg Superman
22%
36Vandal Savage
22%
79Mirror Master
22%
70William Stryker
22%
65Kang the Conqueror
22%
61Parasite
21%
92Parallax
20%
86The Governor
19%
41Mongul
19%
95Omega Red
19%
49Anti Monitor
19%
60Amanda Waller
18%
68Lucifer
18%
71Thunderbolt Ross
17%
94Annihilus
17%
99Fin Fang Foom
16%
50Cassandra Nova
16%
63The Leader
15%
26Kid Miracleman
15%
76Mr Mxyzptlk
14%
97Violator
13%
80Prometheus
13%
98Mastermind
13%
84Dr Light
13%
82Doctor Sivana
12%
89Shade
12%
66Herr Starr
12%
74The Saint of the Killers
11%
93Omni-Man
11%
96Despero
11%
77Proteus
10%
83Grigori Rasputin
9%
75Magog
9%
91The Adversary
8%
88Hunter Rose
8%

Score Distribution

Percentile by Number Answered

Percent of People with Each Score

Your Score History

You have not taken this quiz since the last reset